000 00753nam a22002417a 4500
001 BR9512189
003 BR-BrBNA
005 20230928094906.0
007 ta
008 230509b bl.||||| |||| 00| 0 por d
040 _aBR-BrBNA
_bpor
_cBiblioteca Nacional de Agricultura
041 _a(Por)
072 _aN20
_b4570
090 _ 4570 BR9512189
110 1 _aAssociacao de Credito e Assistencia Rural do Amazonas, Manaus (Brasil). Servico de Extensao Rural
_9459
245 1 _aCurso para operadores de moto serra convenio SMO/EMBRATER/1976, manual do treinando
260 3 _aManaus, AM (Brasil):
_c[nd].
300 _a16 p.
650 _aEquipamento Florestal
650 _aTreinamento
909 _a202309
_bLucia
_c55
_dLucia Elande
942 _cBK
999 _c53259
_d53259